Phê bình văn học thế kỷ XX
Sách cung cấp một cái nhìn toàn cảnh về phê bình văn học trên thế giới, cùng những liên hệ sát sao đến đời sống phê bình văn học Việt Nam.
Сохранить в:
| Главный автор: | |
|---|---|
| Формат: | |
| Язык: | Undetermined |
| Опубликовано: |
Hà Nội
Hội nhà văn
2018
|
| Предметы: | |
| Метки: |
Добавить метку
Нет меток, Требуется 1-ая метка записи!
|
| Thư viện lưu trữ: | Trung tâm Học liệu Trường Đại học Cần Thơ |
|---|
| LEADER | 00844nam a2200217Ia 4500 | ||
|---|---|---|---|
| 001 | CTU_225832 | ||
| 008 | 210402s9999 xx 000 0 und d | ||
| 020 | |c 179000 | ||
| 082 | |a 809 | ||
| 082 | |b Th523 | ||
| 100 | |a Thụy Khuê | ||
| 245 | 0 | |a Phê bình văn học thế kỷ XX | |
| 245 | 0 | |c Thụy Khuê | |
| 260 | |a Hà Nội | ||
| 260 | |b Hội nhà văn | ||
| 260 | |c 2018 | ||
| 520 | |a Sách cung cấp một cái nhìn toàn cảnh về phê bình văn học trên thế giới, cùng những liên hệ sát sao đến đời sống phê bình văn học Việt Nam. | ||
| 650 | |a Literature, Modern,Văn học, hiên đại | ||
| 650 | |x History and criticism,Lịch sử và phê bình | ||
| 910 | |b vtbtruc | ||
| 980 | |a Trung tâm Học liệu Trường Đại học Cần Thơ | ||